The Bends Tracklist By Streams - Statistics

General Stats
  • This quiz has been taken 20 times
  • The average score is 10 of 12
Answer Stats
# Streams Answer % Correct
2 412,097,230 Fake Plastic Trees
100%
3 240,070,827 Just
100%
5 112,377,846 Black Star
88%
7 62,945,914 Bullet Proof ... I Wish I Was
88%
1 547,323,571 High and Dry
88%
4 160,139,596 Street Spirit (Fade Out)
88%
6 89,654,551 My Iron Lung
81%
10 49,608,717 Planet Telex
81%
9 61,521,764 The Bends
81%
11 35,027,210 Bones
75%
8 61,647,790 (Nice Dream)
75%
12 28,931,731 Sulk
75%
No matching quizzes found
Score Distribution
Percent of People with Each Score
Percentile by Number Answered
Your Score History
You have not taken this quiz